Sports Quiz

Random Sports or NFL Quiz

NFL #2 Rushers (Last 5 Years) Quiz Stats

 Plays Quiz Updated Jan 7, 2019

Score 0/160 Timer 15:00
1 Play Today
Team Player % Correct
Kansas City ChiefsAlex Smith
82.3%
Washington RedskinsMatt Jones
80.4%
Carolina PanthersCam Newton
79.1%
Buffalo BillsTyrod Taylor
78.9%
Dallas CowboysAlfred Morris
78.8%
Chicago BearsTarik Cohen
78.3%
Buffalo BillsLeSean McCoy
78.2%
Miami DolphinsJay Ajayi
75.6%
Indianapolis ColtsAhmad Bradshaw
73.6%
New York JetsChris Johnson
73.2%
Detroit LionsLeGarrette Blount
72.8%
Miami DolphinsKenyan Drake
72.7%
Tampa Bay BuccaneersCharles Sims
72.2%
Carolina PanthersJonathan Stewart
72.2%
Dallas CowboysJoseph Randle
72%
Philadelphia EaglesRyan Mathews
71%
Miami DolphinsJay Ajayi
70.5%
New York GiantsShane Vereen
69.7%
Oakland RaidersDerek Carr
69.6%
Chicago BearsTarik Cohen
69.5%
Green Bay PackersJamaal Williams
69.1%
Miami DolphinsRyan Tannehill
69%
Green Bay PackersAaron Jones
68.8%
New York GiantsRashad Jennings
68.8%
Kansas City ChiefsKnile Davis
68.7%
Carolina PanthersCam Newton
68.5%
Atlanta FalconsTevin Coleman
68%
Cleveland BrownsDuke Johnson
67.2%
New York GiantsWayne Gallman
66.9%
Cleveland BrownsDuke Johnson
65.9%
New York JetsBilal Powell
65.5%
Pittsburgh SteelersDeAngelo Williams
65.3%
Arizona CardinalsKerwynn Williams
65.2%
New Orleans SaintsTim Hightower
63.5%
Indianapolis ColtsMarlon Mack
62.4%
Buffalo BillsTyrod Taylor
61.9%
Green Bay PackersJames Starks
60.4%
Washington RedskinsMatt Jones
60.3%
Green Bay PackersJames Starks
60.2%
Seattle SeahawksMike Davis
59%
Carolina PanthersCam Newton
57.9%
Philadelphia EaglesJay Ajayi
57.1%
San Francisco 49ersAlfred Morris
55.8%
Los Angeles ChargersRyan Mathews
55.2%
Jacksonville JaguarsChris Ivory
55.2%
Dallas CowboysJoseph Randle
55%
Houston TexansDeshaun Watson
54.6%
Minnesota VikingsJerick McKinnon
54%
Seattle SeahawksMike Davis
53.9%
Denver BroncosC.J. Anderson
53.9%
Arizona CardinalsDavid Johnson
53.3%
Los Angeles ChargersAustin Ekeler
53.3%
Tampa Bay BuccaneersDoug Martin
53.3%
Washington RedskinsChris Thompson
53.2%
Team Player % Correct
San Francisco 49ersColin Kaepernick
52.4%
Tennessee TitansDion Lewis
52.3%
Philadelphia EaglesDarren Sproles
52.2%
New England PatriotsJames White
51.8%
Buffalo BillsAnthony Dixon
51.4%
New Orleans SaintsAlvin Kamara
51.1%
Denver BroncosDevontae Booker
50.9%
Minnesota VikingsLatavius Murray
50.5%
New England PatriotsDion Lewis
50.3%
Detroit LionsJoique Bell
50.2%
Minnesota VikingsJerick McKinnon
50.2%
Atlanta FalconsTevin Coleman
49.6%
Chicago BearsJay Cutler
49.1%
Detroit LionsReggie Bush
49%
Baltimore RavensJavorius Allen
48.9%
Los Angeles RamsTavon Austin
48.7%
New Orleans SaintsKhiry Robinson
48.6%
Chicago BearsJeremy Langford
48.4%
New England PatriotsDion Lewis
48.3%
Green Bay PackersAaron Rodgers
47.8%
Baltimore RavensLamar Jackson
47.5%
Buffalo BillsTyrod Taylor
46.4%
Kansas City ChiefsAlex Smith
45.8%
Los Angeles ChargersDanny Woodhead
45.6%
Baltimore RavensBernard Pierce
45.6%
Detroit LionsTheo Riddick
44.9%
Indianapolis ColtsAndrew Luck
44.2%
Jacksonville JaguarsChris Ivory
43.8%
Baltimore RavensJavorius Allen
43.5%
San Francisco 49ersMatt Breida
43.3%
New Orleans SaintsMark Ingram
43.1%
Oakland RaidersMarshawn Lynch
43.1%
New England PatriotsShane Vereen
43%
New York GiantsWayne Gallman
41%
San Francisco 49ersColin Kaepernick
40.8%
Kansas City ChiefsCharcandrick West
40.7%
Arizona CardinalsKerwynn Williams
40.1%
Tennessee TitansDerrick Henry
40.1%
Tampa Bay BuccaneersDoug Martin
39.9%
Pittsburgh SteelersDri Archer
39.5%
Jacksonville JaguarsBlake Bortles
39.5%
Dallas CowboysDak Prescott
38.9%
Cleveland BrownsIsaiah Crowell
38.7%
Denver BroncosC.J. Anderson
38.2%
Jacksonville JaguarsT.J. Yeldon
36.6%
Pittsburgh SteelersLe'Veon Bell
36.2%
Philadelphia EaglesWendell Smallwood
35.9%
New England PatriotsMike Gillislee
35.4%
Houston TexansAlfred Blue
35.3%
New York JetsBilal Powell
35.2%
Indianapolis ColtsAndrew Luck
35.2%
Atlanta FalconsIto Smith
34.1%
Houston TexansD'Onta Foreman
33.8%
Seattle SeahawksThomas Rawls
33.6%
Team Player % Correct
Tampa Bay BuccaneersBobby Rainey
33.6%
Arizona CardinalsKerwynn Williams
33.5%
Houston TexansChris Polk
33.2%
Oakland RaidersLatavius Murray
32.6%
Arizona CardinalsChase Edmonds
32.3%
Minnesota VikingsJerick McKinnon
32.1%
Seattle SeahawksRussell Wilson
31.8%
Tennessee TitansShonn Greene
31.8%
Tampa Bay BuccaneersJameis Winston
31%
Indianapolis ColtsJordan Wilkins
30.6%
Seattle SeahawksRussell Wilson
30.6%
Washington RedskinsChris Thompson
30%
Pittsburgh SteelersJames Conner
29.4%
Kansas City ChiefsPatrick Mahomes
29.2%
Oakland RaidersJalen Richard
29.1%
Minnesota VikingsMatt Asiata
28.1%
Atlanta FalconsDevonta Freeman
27.9%
New York JetsBilal Powell
27.1%
Tennessee TitansDeMarco Murray
27%
Atlanta FalconsTevin Coleman
26%
Cincinnati BengalsRex Burkhead
25.8%
Cincinnati BengalsGiovani Bernard
24.8%
Cleveland BrownsDeShone Kizer
24.5%
Los Angeles ChargersAustin Ekeler
23.6%
New York JetsMatt Forte
23.4%
Cincinnati BengalsGiovani Bernard
23.2%
Denver BroncosRoyce Freeman
22.8%
New York GiantsPaul Perkins
21.7%
Cincinnati BengalsGiovani Bernard
20.9%
Dallas CowboysDak Prescott
20.6%
Jacksonville JaguarsBlake Bortles
20.6%
Carolina PanthersCam Newton
19.9%
New Orleans SaintsTim Hightower
19.7%
Denver BroncosRonnie Hillman
19.7%
Miami DolphinsKenyan Drake
19.2%
Chicago BearsJeremy Langford
19.1%
Pittsburgh SteelersJaylen Samuels
18.8%
Los Angeles RamsTavon Austin
17.4%
San Francisco 49ersColin Kaepernick
16.8%
Philadelphia EaglesDarren Sproles
16%
Tennessee TitansMarcus Mariota
15.9%
Washington RedskinsRoy Helu
15.5%
Cleveland BrownsCarlos Hyde
14.4%
Los Angeles RamsC.J. Anderson
14.1%
Detroit LionsZach Zenner
13.7%
Baltimore RavensKenneth Dixon
12.6%
Oakland RaidersJalen Richard
11.2%
Houston TexansAlfred Blue
10.6%
Cincinnati BengalsGiovani Bernard
8.3%
Los Angeles RamsZac Stacy
5.8%
Los Angeles RamsTavon Austin
4.6%
Los Angeles ChargersKenneth Farrow
2.6%

You're not logged in!

Compare scores with friends on all Sporcle quizzes.
OR
Log In

You Might Also Like...

Show Comments

Extras

Top Quizzes Today


Score Distribution

Your Account Isn't Verified!

In order to create a playlist on Sporcle, you need to verify the email address you used during registration. Go to your Sporcle Settings to finish the process.

Report this User

Report this user for behavior that violates our Community Guidelines.

Details: